Prevence a represe pojistného podvodu (aplikace par. 250a trestního zákona pro pojišťovnictví)
Postihovanie poistných podvodov v ČR. Poistné podvody a rozsudky po r. 1990. Prax trestných postihov poistných podvodov v krajinách Európskej únie. Predchádzanie trestným oznámeniam v činnosti poisťovní. Úloha likvidátorov škôd. Indikácia poistných podvodov. Poistný podvod v súdnych sporoch a poistn...
Salvato in:
| Autore principale: | |
|---|---|
| Natura: | Capitolo di libro |
| Lingua: | ceco |
| Soggetti: | |
| Tags: |
Nessun Tag, puoi essere il primo ad aggiungerne!!
|
MARC
| LEADER | 00000naa a2200000 4500 | ||
|---|---|---|---|
| 001 | r036367 | ||
| 005 | 20230922095549.7 | ||
| 041 | 0 | |a cze | |
| 044 | |a CZ | ||
| 245 | 1 | 0 | |a Prevence a represe pojistného podvodu |b (aplikace par. 250a trestního zákona pro pojišťovnictví) |c Vratislav Vinš |
| 520 | |a Postihovanie poistných podvodov v ČR. Poistné podvody a rozsudky po r. 1990. Prax trestných postihov poistných podvodov v krajinách Európskej únie. Predchádzanie trestným oznámeniam v činnosti poisťovní. Úloha likvidátorov škôd. Indikácia poistných podvodov. Poistný podvod v súdnych sporoch a poistné plnenie. | ||
| 610 | 2 | 0 | |a podvody poisťovacie |
| 610 | 2 | 0 | |a právo trestné |
| 610 | 2 | 0 | |a činnosť trestná |
| 610 | 2 | 0 | |a spory súdne |
| 610 | 2 | 0 | |a poisťovníctvo |
| 610 | 2 | 0 | |a škody |
| 610 | 2 | 0 | |a Česko |
| 100 | 1 | |a Vinš, Vratislav | |